| 000 | 00974nam0a2200313 4500 | ||
|---|---|---|---|
| 001 | RU\NLR\bibl\110426 | ||
| 005 | 20250617091821.0 | ||
| 010 |
_a5-05-004987-3 _965000 |
||
| 021 |
_aRU _b2000-14023п _9517п |
||
| 035 | _a(NLR Aleph) 000108083 | ||
| 090 |
_a612451 _c612451 |
||
| 100 | _a20000929d2000 |||y0rusy50 ca | ||
| 101 | 1 |
_arus _ceng |
|
| 102 | _aRU | ||
| 105 | _ay ||||||||| | ||
| 200 | 1 |
_aУдивительное прозрение _eРоман _fКейт Проктор _gПер. с англ. [И. Маненок] |
|
| 210 |
_aМ. _cРадуга _d2000 |
||
| 215 |
_a186, [1] с. _d17 |
||
| 225 | 1 |
_aЛюбовный роман _v394 |
|
| 686 | _aШ6(4Вл)67-440.4 | ||
| 700 | 1 |
_4070 _7ca _8rus _aПроктор _bК. _gКейт _9168232 _3RU\NLR\AUTH\770168280 |
|
| 801 | 0 |
_aRU _bNLR _c20000929 _gPSBO |
|
| 801 | 1 |
_aRU _bNLR _c20000929 |
|
| 852 |
_aNLR _j2000-2/1774 |
||
| 942 | _cBOOK | ||
| 980 | _aNB | ||